000
00308nam a22001457a 4500
008
221102b ||||| |||| 00| 0 eng d
020
_a
9780521447911
041
_a
eng
080
_a
334
082
_a
334
100
_a
25.1
101
_a
eco
245
_a
wealth and freedom
_c
Levine D
942
_2
udc
_c
BK
999
_c
58722
_d
58722